000 00273nam a22001097a 4500
008 170125b xxu||||| |||| 00| 0 eng d
020 _a0867204044
041 _aeng
080 _23RD
_a618.2
245 _aBASIC STEPS IN PLANNING NURSING RESEARCH
_cBRINK, P.J
942 _2udc
_cBK
999 _c3631
_d3631